043_ Personnalités nées un 12 février par images - Statistiques

Statistiques générales
  • Ce quiz a été pris 37 fois
  • Le résultat moyen est 2 sur 9
Statistiques - réponses
Par images Hint Réponse % Correct
Dirigeant Politique Abraham Lincoln
100%
Volleyeur Earvin Ngapeth
64%
Scientifique Charles Darwin
61%
Danseuse Anna Pavlova
6%
Acteur Jesse Spencer
6%
Acteur Michael Ironside
6%
Architecte Auguste Perret
3%
Homme d'affaires Louis Renault
3%
Acteur Richard Lynch
0%
Aucun quiz correspondant
Distribution des résultats
% des personnes avec chaque résultat
Percentile par nombre de réponses
Votre historique - résultats
Vous n’avez pas pris ce quiz